000 00364nam a2200145Ia 4500
003 OSt
005 20240330113636.0
008 170523s9999 xx 000 0 und d
020 _a978-0198843689
040 _cIIMT UNIVERSITY MEERUT
100 _aStevenson- Angus
245 0 _aConcise Oxford English Dictionary
260 _aOxford University
942 _2ddc
_c02
999 _c12361
_d12361